Città più grandi d'Italia - Quiz con mappa - Statistics

Statistiche generali
  • Questo quiz è stato fatto 122 volte
  • Il punteggio medio è 28 su 30
Risposte nella Mappa
Le risposte nella mappa del quiz sottostante sono codificate secondo una scala di colori dal rosso al verde in base alla % di persone che hanno risposto correttamente.
 
Statistiche sulle risposte
Popolazione Città % Corretto
390 877 Bologna
100%
362 643 Firenze
100%
563 869 Genova
100%
1 369 875 Milano
100%
852 877 Torino
100%
249 766 Venezia
100%
315 323 Bari
99%
908 737 Napoli
99%
626 707 Palermo
99%
2 748 641 Roma
98%
198 875 Trieste
97%
297 876 Catania
95%
199 784 Brescia
94%
146 734 Cagliari
94%
168 785 Reggio Calabria
93%
255 305 Verona
92%
217 113 Messina
91%
198 897 Parma
91%
162 465 Perugia
91%
150 540 Rimini
91%
186 100 Taranto
91%
153 062 Livorno
90%
172 369 Reggio Emilia
89%
127 800 Latina
86%
145 482 Foggia
84%
207 771 Padova
84%
184 722 Modena
81%
156 525 Ravenna
81%
129 313 Ferrara
79%
198 118 Prato
78%
Nessun quiz corrispondente trovato
Distribuzione punteggi
Percentuale di utenti per punteggio
Percentile per numero di risposta
I tuoi punteggi nel tempo
Non hai fatto questo quiz